Decentralization / (Record no. 35571)
[ view plain ]
| 000 -LEADER | |
|---|---|
| fixed length control field | 00937nam a22002417a 4500 |
| 001 - CONTROL NUMBER | |
| control field | 35571 |
| 003 - CONTROL NUMBER IDENTIFIER | |
| rucl marc code | BD-RjUL |
| 005 - DATE AND TIME OF LATEST TRANSACTION | |
| control field | 20211209052339.0 |
| 008 - FIXED-LENGTH DATA ELEMENTS--GENERAL INFORMATION | |
| fixed length control field | 140526s1948 at 000 0 eng d |
| 035 ## - SYSTEM CONTROL NUMBER | |
| System control number | OCLC ocm17004382 from D970521M |
| -- | (BD-RjUL) 35666 |
| 040 ## - CATALOGING SOURCE | |
| Original cataloging agency | DLC |
| Transcribing agency | CLU |
| Modifying agency | BD-RjUL |
| Language of cataloging | eng |
| 041 ## - LANGUAGE CODE | |
| Language code of text/sound track or separate title | eng |
| 082 ## - DEWEY DECIMAL CLASSIFICATION NUMBER | |
| Classification number | 354.94 |
| Author mark and year | DEC 1948 |
| 245 10 - TITLE STATEMENT | |
| Title | Decentralization / |
| Statement of responsibility, etc. | by H.L. Harris [and others] Papers read at the Fourteenth Summer School of the Australian Institute of Political Science held at Armidale, N.S.W., 24th to 26th January, 1948. |
| 260 ## - PUBLICATION, DISTRIBUTION, ETC. (IMPRINT) | |
| Place of publication, distribution, etc. | Sydney : |
| Name of publisher, distributor, etc. | Angus and Robertson, in conjunction with the Australian Institute of Political Science, |
| Date of publication, distribution, etc. | 1948. |
| 300 ## - PHYSICAL DESCRIPTION | |
| Pagination | vii, 204 p. ; |
| Size | 19 cm. |
| 650 #0 - SUBJECT ADDED ENTRY--TOPICAL TERM | |
| Topical term or geographic name as entry element | Regional planning |
| Geographic subdivision | Australia. |
| 9 (RLIN) | 108317 |
| 651 #0 - SUBJECT ADDED ENTRY--GEOGRAPHIC NAME | |
| Geographic name | Australia |
| General subdivision | Politics and government. |
| 9 (RLIN) | 108318 |
| 700 ## - ADDED ENTRY--PERSONAL NAME | |
| Personal name | Harris, Harold Lark |
| 942 ## - ADDED ENTRY ELEMENTS (KOHA) | |
| Source of classification or shelving scheme | Dewey Decimal Classification |
| Koha item type | Books |
| Lost status | Source of classification or shelving scheme | Damaged status | Not for loan | Collection code | Permanent Location | Current Location | Shelving location | Date acquired | Source of acquisition | Cost, normal purchase price | Total Checkouts | Full call number | Date last seen | Copy number | Koha item type |
|---|---|---|---|---|---|---|---|---|---|---|---|---|---|---|---|
| Dewey Decimal Classification | Not For Loan | Non-fiction | Central Library, University of Rajshahi | Central Library, University of Rajshahi | Reading Room | 13/01/1966 | Australia | 0.00 | 354.94 DEC 1948 | 26/05/2014 | C-1 | Books |